| 000 | 00708nam a2200193Ia 4500 | ||
|---|---|---|---|
| 003 | GCL | ||
| 008 | 140319s9999 xx 000 0 ara d | ||
| 040 |
_aGCL / _cGCL |
||
| 082 | 0 | 4 |
_a811.094 _bم ا |
| 100 | 1 |
_aمحمد على شمس الدين _vDisplay by _@ _عرض |
|
| 245 | 1 | 0 |
_aالاعمال الكاملة للشاعر محمد على شمس الدين / _cمحمد على شمس الدين |
| 260 |
_a[S.N] : _bدار سعاد الصباح ، _c1993 |
||
| 300 | _a677 ص | ||
| 490 |
_aديوان الشعر العربى المعاصر _v0 |
||
| 650 | 0 | 4 | _aالشعر العربى |
| 650 | 0 | 4 | _aالعصر الحديث |
| 650 | 0 | 4 | _aالادب العربى - المغرب |
| 942 |
_2ddc _cBK |
||
| 999 |
_c57287 _d57287 |
||